Allergic response to radiation cured natural rubber latex (Record no. 54049)

MARC details
000 -LEADER
fixed length control field 00496nam a2200181Ia 4500
100 ## - MAIN ENTRY--AUTHOR NAME
Personal name Makuuchi K
245 #0 - TITLE STATEMENT
Title Allergic response to radiation cured natural rubber latex
260 ## - PUBLICATION, DISTRIBUTION, ETC. (IMPRINT)
Name of publisher International Polymer Science and Technology
Year of publication 1996
300 ## - PHYSICAL DESCRIPTION
Number of Pages 28-32
650 ## - SUBJECT ADDED ENTRY--TOPICAL TERM
Topical Term Allergic response
650 ## - SUBJECT ADDED ENTRY--TOPICAL TERM
Topical Term Natural rubber latex
650 ## - SUBJECT ADDED ENTRY--TOPICAL TERM
Topical Term Radiation curing
700 ## - ADDED ENTRY--PERSONAL NAME
Personal name Hykutake K
700 ## - ADDED ENTRY--PERSONAL NAME
Personal name Kume T
700 ## - ADDED ENTRY--PERSONAL NAME
Personal name Yoshii F
942 ## - ADDED ENTRY ELEMENTS (KOHA)
Koha item type Journals
Holdings
Withdrawn status Lost status Damaged status Not for loan Home library Current library Shelving location Date acquired Serial Enumeration / chronology Koha item type
      Journals RRII Library RRII Library Rubber chemistry 17/12/2021 Volume 23, Issue 2 Journals